| 000 | 01080cam a2200229 4500 | ||
|---|---|---|---|
| 001 | ABS63575 | ||
| 008 | 000000n2001 000 0 eng u | ||
| 035 | _a(Sirsi) u111254 | ||
| 245 | _aE-business: guidance for surveyors | ||
| 260 | _c2001 | ||
| 490 |
_aCSM _bChartered Surveyor Monthly _vFebruary 2001, 34(1) |
||
| 520 | _aBusiness is increasingly conducted electronically. Any errors in advice, or reports through this medium can lead to professional negligence claims. Higlights issues of concern. Advises members to put in place a policy monitoring email use and access to the internet. Looks at security and operational risks. Covers the benchmark professional indemnity insurance policy for members, which has been updated and will include a section on 'cyber liability'. | ||
| 590 | _aABS | ||
| 650 | _aE-COMMERCE | ||
| 650 | _aPROFESSIONAL INDEMNITY INSURANCE | ||
| 650 | _aELECTRONIC COMMUNICATIONS ACT 2000 | ||
| 650 | _aCOMMUNICATIONS | ||
| 650 | _aPROFESSIONAL NEGLIGENCE | ||
| 650 | _aCLAIMS | ||
| 690 | _aINFORMATION TECHNOLOGY-INTERNET | ||
| 942 | _n0 | ||
| 999 |
_c66286 _d66286 |
||